[Event "ITA-chT 38th"]
[Site "Porto San Giorgio"]
[Date "2006.04.22"]
[Round "3.3"]
[White "Anceschi, Vittorio"]
[Black "Brunello, Sabino"]
[Result "1/2-1/2"]
[WhiteElo "2248"]
[BlackElo "2339"]
[PlyCount "125"]
[EventDate "2006.04.21"]
[EventType "team-swiss"]
[EventRounds "5"]
[EventCountry "ITA"]
[SourceTitle "EXT 2022"]
[Source "ChessBase"]
[SourceDate "2021.10.06"]
[SourceVersion "1"]
[SourceVersionDate "2021.10.06"]
[SourceQuality "1"]
[WhiteTeam "Reggio Emilia Studio Alfa"]
[BlackTeam "Penne Adsv"]
[WhiteTeamCountry "ITA"]
[BlackTeamCountry "ITA"]

1. e4 e5 2. Nf3 Nc6 3. Nc3 Nf6 4. Be2 Bc5 5. 0-0 0-0 6. d3 Re8 7. Bg5 h6 8. Bxf6 Qxf6 9. Nd5 Qd8 10. c3 a5 11. Qc2 d6 12. Rad1 Ba7 13. Kh1 Ne7 14. Nxe7+ Qxe7 15. Nd2 Be6 16. b3 f5 17. Nc4 fxe4 18. dxe4 a4 19. Nd2 axb3 20. axb3 Qf7 21. f3 Be3 22. Bc4 Bxc4 23. Nxc4 Bc5 24. Ra1 b5 25. Nd2 b4 26. cxb4 Bxb4 27. Nc4 Kh8 28. Ne3 Bc5 29. Nd5 Rxa1 30. Rxa1 c6 31. Nc3 Rb8 32. Rb1 Qb7 33. Ne2 Qb4 34. f4 exf4 35. Nxf4 Re8 36. Ng6+ Kg8 37. e5 dxe5 38. Rc1 Qg4 39. Qxc5 Qxg6 40. Qxc6 Re6 41. Qd5 Kh7 42. h3 e4 43. Re1 e3 44. Re2 Re7 45. Kh2 Qb6 46. Qd3+ g6 47. g3 Qc5 48. h4 h5 49. Qc4 Qf5 50. Qb4 Qe5 51. Qf4 Qd5 52. Qg5 Qe4 53. Qf4 Qd3 54. Qc4 Qd1 55. Kg2 Qd7 56. Qc5 Qb7+ 57. Kh2 Qe4 58. Qc4 Qf3 59. Qd3 Re4 60. Qd7+ Kh6 61. Qd3 Kh7 62. Qd7+ Kh6 63. Qd3 1/2-1/2

[Event "Assisi op-A"]
[Site "Assisi"]
[Date "2006.02.03"]
[Round "2"]
[White "Rombaldoni, Axel"]
[Black "Anceschi, Vittorio"]
[Result "1/2-1/2"]
[WhiteElo "2123"]
[BlackElo "2266"]
[PlyCount "120"]
[EventDate "2006.02.02"]
[EventType "swiss"]
[EventRounds "6"]
[EventCountry "ITA"]
[SourceTitle "EXT 2007"]
[Source "ChessBase"]
[SourceDate "2006.11.23"]
[SourceVersion "1"]
[SourceVersionDate "2006.11.23"]
[SourceQuality "1"]

1. e4 g6 2. d4 Bg7 3. Nc3 c6 4. h3 d5 5. Nf3 dxe4 6. Nxe4 Bf5 7. Ng3 Nf6 8. Nxf5 gxf5 9. Bd3 e6 10. c3 Nbd7 11. Qe2 Kf8 12. Bf4 Nb6 13. Rd1 Nbd5 14. Be5 Nh5 15. Bxg7+ Nxg7 16. Qd2 Qf6 17. c4 Nb6 18. a4 Rd8 19. a5 Nc8 20. Qb4+ Qe7 21. c5 a6 22. 0-0 Qc7 23. Bc4 Ne7 24. Rd3 Ng6 25. Rb3 Rd7 26. Qb6 Nh5 27. Re1 h6 28. Ree3 Rg8 29. Qxc7 Rxc7 30. Kh2 Kg7 31. Rb6 Rd8 32. Reb3 Rdd7 33. g3 Nf6 34. Rd3 Ne4 35. Kg2 f4 36. g4 Ng5 37. h4 Nxf3 38. Kxf3 Nxh4+ 39. Kxf4 Ng6+ 40. Ke4 Ne7 41. f4 Nd5 42. Bxd5 Rxd5 43. Rdb3 f5+ 44. Kf3 fxg4+ 45. Kxg4 Rdd7 46. R6b4 Kf6 47. Rh3 Rg7+ 48. Kf3 Rg6 49. Ke4 Rh7 50. Rbb3 h5 51. Rh2 h4 52. Rbh3 Rg4 53. b4 Rh5 54. Rh1 Rf5 55. Rf1 Kg6 56. Rf2 Kh5 57. Rh1 Rd5 58. Rfh2 Rf5 59. Rf2 Kg6 60. Rh3 Kf6 1/2-1/2

[Event "Cesenatico op 9th"]
[Site "Cesenatico"]
[Date "2004.09.12"]
[Round "9"]
[White "Anceschi, Vittorio"]
[Black "Cioara, Andrei Nestor"]
[Result "0-1"]
[WhiteElo "2261"]
[BlackElo "2373"]
[PlyCount "110"]
[EventDate "2004.09.04"]
[EventType "swiss"]
[EventRounds "9"]
[EventCountry "ITA"]
[SourceTitle "EXT 2007"]
[Source "ChessBase"]
[SourceDate "2006.11.23"]
[SourceVersion "1"]
[SourceVersionDate "2006.11.23"]
[SourceQuality "1"]

1. e4 e6 2. d3 d5 3. Nd2 Nf6 4. Ngf3 Be7 5. g3 0-0 6. Bg2 c5 7. 0-0 Nc6 8. Re1 b5 9. e5 Nd7 10. c4 bxc4 11. dxc4 Nb6 12. a3 a5 13. Qc2 a4 14. h4 Ba6 15. cxd5 exd5 16. Ng5 Bxg5 17. hxg5 Qe7 18. Nf3 Rac8 19. Bh3 Rce8 20. Bf4 Bc8 21. Bxc8 Rxc8 22. Kg2 Nd4 23. Nxd4 cxd4 24. Qd3 Rc4 25. Rh1 g6 26. Rh6 Kg7 27. Rah1 Rh8 28. Bd2 Nd7 29. Qf3 Nxe5 30. Qxd5 Qe6 31. Qxe6 fxe6 32. Re1 Nf7 33. Rxe6 Nxh6 34. gxh6+ Kf7 35. Rd6 Ke7 36. Rb6 d3 37. Bg5+ Kd7 38. Kf3 Rd4 39. Bd2 Kc7 40. Rf6 Rd6 41. Rf4 Rb8 42. Rxa4 Rxb2 43. Ra7+ Rb7 44. Rxb7+ Kxb7 45. Ke3 Kc6 46. Bc3 Kb5 47. Kd2 Kc4 48. f4 Ra6 49. Bb2 Rb6 50. Bg7 Rb3 51. g4 Rxa3 52. f5 gxf5 53. gxf5 Ra5 54. f6 Rf5 55. Kd1 Kd5 0-1

[Event "Cesenatico op 9th"]
[Site "Cesenatico"]
[Date "2004.09.11"]
[Round "8"]
[White "Anceschi, Vittorio"]
[Black "D'Innocente, Stefano"]
[Result "1/2-1/2"]
[WhiteElo "2261"]
[BlackElo "2197"]
[PlyCount "93"]
[EventDate "2004.09.04"]
[EventType "swiss"]
[EventRounds "9"]
[EventCountry "ITA"]
[SourceTitle "EXT 2007"]
[Source "ChessBase"]
[SourceDate "2006.11.23"]
[SourceVersion "1"]
[SourceVersionDate "2006.11.23"]
[SourceQuality "1"]

1. e4 c5 2. Nc3 e6 3. g3 d5 4. d3 Nf6 5. Bg2 Be7 6. f4 Nc6 7. e5 Nd7 8. Nf3 b5 9. 0-0 b4 10. Ne2 a5 11. c3 Ba6 12. Re1 0-0 13. f5 exf5 14. Nf4 Nb6 15. h4 Rc8 16. Bh3 g6 17. Kh2 Qc7 18. Qd2 Kh8 19. e6 Bf6 20. exf7 Qxf7 21. Ne6 bxc3 22. bxc3 Na4 23. d4 Rfe8 24. Nfg5 Bxg5 25. Nxg5 Qf6 26. dxc5 Qxc3 27. Qxc3+ Nxc3 28. Bb2 d4 29. Rac1 Nxa2 30. Rxe8+ Rxe8 31. Rc2 Nab4 32. Rd2 Re2+ 33. Rxe2 Bxe2 34. Ne6 Kg8 35. Nxd4 Nxd4 36. Bxd4 Nc6 37. Bc3 Bf3 38. Bf1 a4 39. Bc4+ Kf8 40. Kg1 Ne7 41. Kf2 Bd5 42. Bb5 a3 43. Ke3 Kf7 44. Kf4 Bc6 45. Bc4+ Bd5 46. Bb5 Bc6 47. Bc4+ 1/2-1/2

[Event "Cesenatico op 9th"]
[Site "Cesenatico"]
[Date "2004.09.06"]
[Round "3"]
[White "Maahs, Erich"]
[Black "Anceschi, Vittorio"]
[Result "1/2-1/2"]
[WhiteElo "2155"]
[BlackElo "2261"]
[PlyCount "109"]
[EventDate "2004.09.04"]
[EventType "swiss"]
[EventRounds "9"]
[EventCountry "ITA"]
[SourceTitle "EXT 2007"]
[Source "ChessBase"]
[SourceDate "2006.11.23"]
[SourceVersion "1"]
[SourceVersionDate "2006.11.23"]
[SourceQuality "1"]

1. e4 g6 2. d4 Bg7 3. Nc3 c6 4. f4 d5 5. e5 h5 6. Nf3 Nh6 7. Be3 Bg4 8. h3 Bxf3 9. Qxf3 h4 10. Bd3 e6 11. 0-0-0 Nd7 12. Bf2 Nf5 13. Kb1 b5 14. Qg4 Bf8 15. Ne2 Be7 16. Ng1 Qa5 17. Qe2 Nb6 18. Nf3 Nc4 19. Bxf5 gxf5 20. Rd3 Kd7 21. Be1 Qb6 22. Nd2 Rh7 23. Bf2 Rg8 24. Rg1 Rhg7 25. Qf1 Nxd2+ 26. Rxd2 a5 27. Rd3 b4 28. g3 c5 29. gxh4 Rxg1 30. Bxg1 c4 31. Rf3 Bxh4 32. Bf2 Bxf2 33. Qxf2 c3 34. Rd3 a4 35. h4 cxb2 36. Kxb2 Rg4 37. h5 a3+ 38. Kc1 Qd8 39. Rh3 Qg8 40. Rh1 Qc8 41. Qd2 Qc4 42. Kb1 Rg7 43. h6 Rh7 44. Qe3 Kc6 45. Qd2 Kb5 46. Qe3 Qc3 47. Qd3+ Ka5 48. Qxc3 bxc3 49. Kc1 Kb4 50. Kd1 Kc4 51. Ke2 Kxd4 52. Kf3 Kc4 53. Rh3 Kd4 54. Rh4 Kc4 55. Ke2 1/2-1/2

[Event "Cesenatico op 9th"]
[Site "Cesenatico"]
[Date "2004.09.04"]
[Round "1"]
[White "Cottarelli, Franco"]
[Black "Anceschi, Vittorio"]
[Result "0-1"]
[WhiteElo "1942"]
[BlackElo "2261"]
[PlyCount "78"]
[EventDate "2004.09.04"]
[EventType "swiss"]
[EventRounds "9"]
[EventCountry "ITA"]
[SourceTitle "EXT 2007"]
[Source "ChessBase"]
[SourceDate "2006.11.23"]
[SourceVersion "1"]
[SourceVersionDate "2006.11.23"]
[SourceQuality "1"]

1. e4 g6 2. Nc3 Bg7 3. Bc4 c6 4. f4 d5 5. exd5 b5 6. Bb3 b4 7. Ne4 cxd5 8. Ng3 Nf6 9. Qe2 a5 10. a3 Ba6 11. d3 0-0 12. Nf3 Nbd7 13. axb4 axb4 14. 0-0 Nc5 15. Nd4 Qd7 16. Bd2 Nfe4 17. Be3 Nxg3 18. hxg3 Rfc8 19. f5 Nxb3 20. Nxb3 d4 21. Bf4 gxf5 22. Rac1 Bb7 23. Bd2 e6 24. g4 fxg4 25. Qxg4 f5 26. Qg3 Kh8 27. Rf2 Bd5 28. Na1 Bf6 29. Bxb4 Rg8 30. Qh3 Rg4 31. c4 dxc3 32. Bxc3 Bxc3 33. bxc3 Rag8 34. Rcc2 Qa7 35. d4 Qxa1+ 36. Kh2 Qa6 37. Qh6 R4g6 38. Qf4 Qb7 39. Qe5+ Qg7 0-1

[Event "Salsomaggiore Terme op 5th"]
[Site "Salsomaggiore Terme"]
[Date "2001.05.??"]
[Round "4"]
[White "Anceschi, Vittorio"]
[Black "Malfagia, Andrea"]
[Result "1/2-1/2"]
[WhiteElo "2285"]
[BlackElo "2243"]
[PlyCount "62"]
[EventDate "2001.05.??"]
[EventType "swiss"]
[EventRounds "6"]
[EventCountry "ITA"]
[SourceTitle "EXT 2024"]
[Source "ChessBase"]
[SourceDate "2023.10.10"]
[SourceVersion "1"]
[SourceVersionDate "2023.10.10"]
[SourceQuality "1"]

1. e4 d5 2. exd5 Qxd5 3. Nc3 Qa5 4. d4 Nf6 5. Nf3 c6 6. Be2 Bf5 7. 0-0 Nbd7 8. Bf4 e6 9. a3 Be7 10. b4 Qd8 11. Re1 0-0 12. Bg3 a5 13. b5 a4 14. Bd3 Re8 15. Bxf5 exf5 16. Qd3 Qa5 17. Ne5 Nxe5 18. Bxe5 Rac8 19. Rab1 c5 20. Ne2 cxd4 21. Bxd4 Ne4 22. Ng3 Nxg3 23. hxg3 Bc5 24. c3 Rcd8 25. Qf3 Bxd4 26. cxd4 Qb6 27. Red1 Rxd4 28. Rxd4 Qxd4 29. Rd1 Qb6 30. Qxf5 g6 31. Qd5 Re2 1/2-1/2

[Event "Reggio Emilia 41th"]
[Site "Reggio Emilia "]
[Date "1999.01.02"]
[Round "6"]
[White "Anceschi, Vittorio"]
[Black "Lputian, Smbat G"]
[Result "0-1"]
[WhiteElo "2285"]
[BlackElo "2615"]
[PlyCount "60"]
[EventDate "1998.12.28"]
[EventType "tourn"]
[EventRounds "9"]
[EventCountry "ITA"]
[EventCategory "8"]
[SourceTitle "CBM 069"]
[Source "ChessBase"]
[SourceDate "1999.04.01"]
[SourceVersion "1"]
[SourceVersionDate "1999.04.01"]
[SourceQuality "1"]

1. e4 e6 2. d3 d5 3. Nd2 Nf6 4. g3 dxe4 5. dxe4 e5 6. Ngf3 Bc5 7. Bg2 0-0 8. 0-0 Nbd7 9. Qe2 b6 10. b3 a5 11. Bb2 Ba6 12. c4 Re8 13. Rad1 Bb7 14. a4 Qe7 15. Nh4 g6 16. Nb1 Nf8 17. Nc3 c6 18. Nb1 N6d7 19. Qd2 Rad8 20. Qh6 Ne6 21. Nf3 f6 22. h4 Ndf8 23. h5 g5 24. Nh2 Nd4 25. Kh1 Bc8 26. Bxd4 Rxd4 27. Rxd4 Bxd4 28. Nf3 Bc5 29. Nc3 Ne6 30. Nh2 Nd8 0-1

[Event "Reggio Emilia 41th"]
[Site "Reggio Emilia "]
[Date "1998.12.31"]
[Round "4"]
[White "Anceschi, Vittorio"]
[Black "Aldrovandi, Costantino"]
[Result "1/2-1/2"]
[WhiteElo "2285"]
[BlackElo "2280"]
[PlyCount "75"]
[EventDate "1998.12.28"]
[EventType "tourn"]
[EventRounds "9"]
[EventCountry "ITA"]
[EventCategory "8"]
[SourceTitle "CBM 069"]
[Source "ChessBase"]
[SourceDate "1999.04.01"]
[SourceVersion "1"]
[SourceVersionDate "1999.04.01"]
[SourceQuality "1"]

1. b3 Nf6 2. Bb2 d5 3. e3 g6 4. Nf3 Bg7 5. Be2 0-0 6. 0-0 Bg4 7. h3 Bxf3 8. Bxf3 Nbd7 9. Na3 c6 10. c4 e6 11. Qc2 Qe7 12. Rac1 h5 13. d4 Rfd8 14. Nb1 Nh7 15. cxd5 exd5 16. Ba3 Qf6 17. Nd2 Bh6 18. Qc3 Ndf8 19. Bxf8 Bxf8 20. g3 h4 21. g4 Re8 22. Bg2 Re6 23. Nf3 Bd6 24. b4 Rae8 25. b5 Bb8 26. bxc6 bxc6 27. Ne5 Bxe5 28. dxe5 Qe7 29. Qc5 f6 30. Qxe7 R8xe7 31. exf6 Nxf6 32. Rc5 Nd7 33. Ra5 Nb6 34. Rc1 Rd6 35. Rac5 Ree6 36. Ra5 Re7 37. Rac5 Ree6 38. Ra5 1/2-1/2

[Event "Saint Vincent op"]
[Site "Saint Vincent"]
[Date "1998.??.??"]
[Round "5"]
[White "Anceschi, Vittorio"]
[Black "Martorelli, Antonio"]
[Result "1-0"]
[WhiteElo "2290"]
[BlackElo "2405"]
[PlyCount "75"]
[EventDate "1998.06.??"]
[EventType "swiss"]
[EventRounds "9"]
[EventCountry "ITA"]
[SourceTitle "EXT 1999"]
[Source "ChessBase"]
[SourceDate "1998.11.16"]
[SourceVersion "1"]
[SourceVersionDate "1998.11.16"]
[SourceQuality "1"]

1. d4 d5 2. Nf3 c6 3. Bf4 Qb6 4. Qc1 Nf6 5. e3 Nh5 6. c3 Nxf4 7. exf4 g6 8. g3 Bg7 9. Be2 c5 10. dxc5 Qxc5 11. 0-0 Nc6 12. Nbd2 0-0 13. Nb3 Qb6 14. Qd2 a5 15. Nbd4 Bh3 16. Rfe1 Rad8 17. Rad1 f6 18. f5 Bxf5 19. Nxf5 gxf5 20. Qc2 e6 21. c4 dxc4 22. Bxc4 Ne5 23. Nxe5 Rxd1 24. Qxd1 fxe5 25. Qd7 Qxb2 26. Bxe6+ Kh8 27. Bxf5 Qxa2 28. g4 Qf7 29. Qb5 Qc7 30. Be4 b6 31. Rb1 Rb8 32. Rb3 Qc1+ 33. Kg2 Qf4 34. Bf5 e4 35. Rh3 h6 36. Qc6 e3 37. Rxe3 Qg5 38. Re8+ 1-0

[Event "Saint Vincent op"]
[Site "Saint Vincent"]
[Date "1998.??.??"]
[Round "6"]
[White "Arlandi, Ennio"]
[Black "Anceschi, Vittorio"]
[Result "1-0"]
[WhiteElo "2425"]
[BlackElo "2290"]
[PlyCount "107"]
[EventDate "1998.06.??"]
[EventType "swiss"]
[EventRounds "9"]
[EventCountry "ITA"]
[SourceTitle "EXT 1999"]
[Source "ChessBase"]
[SourceDate "1998.11.16"]
[SourceVersion "1"]
[SourceVersionDate "1998.11.16"]
[SourceQuality "1"]

1. d4 Nf6 2. c4 c6 3. Nc3 d5 4. e3 g6 5. Nf3 Bg7 6. Be2 0-0 7. 0-0 a6 8. b3 b5 9. Bb2 Bb7 10. Qc2 Nbd7 11. Rad1 Qc7 12. Ne5 Rac8 13. f4 bxc4 14. bxc4 c5 15. Nxd7 Nxd7 16. Nxd5 Bxd5 17. cxd5 c4 18. Bc3 Qd6 19. e4 Qa3 20. Rf3 Nb6 21. f5 gxf5 22. Rxf5 Na4 23. Rf3 e6 24. Rg3 Nxc3 25. Rxc3 Qd6 26. Rxc4 Rxc4 27. Qxc4 exd5 28. Qxd5 Qxd5 29. exd5 a5 30. Bb5 Rd8 31. Bc6 Bf8 32. Kf2 Bd6 33. h3 Rb8 34. Rd2 Rb1 35. Ke3 Bb4 36. Rf2 Kg7 37. Kd3 Rc1 38. Be8 Rc3+ 39. Ke4 f6 40. Re2 Rc1 41. Kf5 Re1 42. Rxe1 Bxe1 43. d6 Kf8 44. Bh5 Bf2 45. d5 Bc5 46. Ke6 f5 47. d7 Bb6 48. g3 Bd8 49. d6 Kg7 50. Kxf5 Kf8 51. a4 Kg7 52. Ke6 h6 53. Be8 Bf6 54. Kd5 1-0

[Event "ITA-chT 28th"]
[Site "Italy"]
[Date "1996.??.??"]
[Round "2"]
[White "Anceschi, Vittorio"]
[Black "Borgo, Giulio"]
[Result "1/2-1/2"]
[WhiteElo "2285"]
[BlackElo "2400"]
[PlyCount "89"]
[EventDate "1996.02.25"]
[EventType "team-swiss"]
[EventRounds "7"]
[EventCountry "ITA"]
[SourceTitle "EXT 2021"]
[Source "ChessBase"]
[SourceDate "2020.10.23"]
[SourceVersion "1"]
[SourceVersionDate "2020.10.23"]
[SourceQuality "1"]

1. e4 c5 2. Nc3 e6 3. g3 d5 4. Bg2 Nf6 5. d3 Be7 6. Nge2 d4 7. Nb1 e5 8. 0-0 Nc6 9. a4 0-0 10. Na3 Ne8 11. f4 Nd6 12. f5 Bg5 13. h4 Bxc1 14. Nxc1 Na5 15. Nb3 Nxb3 16. cxb3 f6 17. Qd2 a5 18. Qc2 b6 19. Nc4 Nf7 20. Bf3 Ra7 21. Kh2 g6 22. g4 g5 23. h5 Ba6 24. Rfc1 Qc7 25. Qd2 Rb8 26. Bd1 Nd8 27. Kg2 Nc6 28. Ra3 Nb4 29. Rca1 Bb7 30. Bf3 Bc6 31. Rc1 Bd7 32. Rca1 Bc8 33. Rc1 Bb7 34. Raa1 Bc6 35. Ra3 Bd7 36. Rca1 Kg7 37. Rc1 Be8 38. Be2 Bd7 39. Raa1 Bc6 40. Bf3 Be8 41. Be2 Bf7 42. Bd1 h6 43. Be2 Rab7 44. Re1 Qd8 45. Bd1 1/2-1/2

[Event "Porto San Giorgio op 8th"]
[Site "Porto San Giorgio"]
[Date "1996.??.??"]
[Round "?"]
[White "Anceschi, Vittorio"]
[Black "Bruno, Fabio"]
[Result "1-0"]
[WhiteElo "2285"]
[BlackElo "2260"]
[PlyCount "115"]
[EventDate "1996.08.??"]
[EventType "swiss"]
[EventRounds "9"]
[EventCountry "ITA"]
[SourceTitle "EXT 2000"]
[Source "ChessBase"]
[SourceDate "1999.11.16"]
[SourceVersion "1"]
[SourceVersionDate "1999.11.16"]
[SourceQuality "1"]

1. e4 c5 2. Nc3 Nc6 3. g3 g6 4. Bg2 Bg7 5. d3 e6 6. Be3 d6 7. Qd2 Qa5 8. Nge2 Nd4 9. 0-0 Ne7 10. Nc1 0-0 11. Nb3 Qa6 12. f4 f5 13. e5 dxe5 14. Nxc5 Qd6 15. Nb3 exf4 16. gxf4 Nec6 17. Qf2 Rd8 18. Rfe1 Bd7 19. Nxd4 Nxd4 20. Nd1 Bc6 21. c3 Bxg2 22. Qxg2 Nc6 23. d4 Bh6 24. Nf2 Ne7 25. Nd3 Nd5 26. Bd2 Re8 27. Re5 Bg7 28. Re2 Nc7 29. Rae1 Qd5 30. Nc5 b6 31. Nxe6 Qxg2+ 32. Kxg2 Nd5 33. Nxg7 Rxe2+ 34. Rxe2 Kxg7 35. c4 Nf6 36. d5 Kf7 37. Bc3 Ne4 38. Bd4 Rc8 39. b3 h6 40. h4 Rd8 41. a4 Rd7 42. Kf3 g5 43. fxg5 hxg5 44. hxg5 Kg6 45. Rxe4 fxe4+ 46. Kxe4 Kxg5 47. a5 Re7+ 48. Be5 Kg6 49. b4 bxa5 50. bxa5 Kf7 51. c5 Ke8 52. c6 Rf7 53. d6 a6 54. Kd5 Rh7 55. Bf6 Rf7 56. Ke6 Re7+ 57. Kd5 Rf7 58. d7+ 1-0

[Event "Porto San Giorgio op 8th"]
[Site "Porto San Giorgio"]
[Date "1996.??.??"]
[Round "?"]
[White "Anceschi, Vittorio"]
[Black "Mrdja, Milan"]
[Result "1/2-1/2"]
[WhiteElo "2285"]
[BlackElo "2450"]
[PlyCount "133"]
[EventDate "1996.08.??"]
[EventType "swiss"]
[EventRounds "9"]
[EventCountry "ITA"]
[SourceTitle "EXT 2000"]
[Source "ChessBase"]
[SourceDate "1999.11.16"]
[SourceVersion "1"]
[SourceVersionDate "1999.11.16"]
[SourceQuality "1"]

1. e4 c5 2. Nc3 Nc6 3. g3 g6 4. Bg2 Bg7 5. d3 e6 6. Be3 Nd4 7. Qd2 Ne7 8. Nd1 d6 9. c3 Ndc6 10. Bh6 0-0 11. h4 f6 12. Bxg7 Kxg7 13. Nf3 b6 14. Ne3 Rb8 15. 0-0 f5 16. exf5 exf5 17. d4 f4 18. gxf4 Rxf4 19. dxc5 dxc5 20. Qxd8 Nxd8 21. Rad1 Rf8 22. Rfe1 Ne6 23. Ng5 Nf4 24. Nd5 Nexd5 25. Bxd5 h6 26. Ne6+ Bxe6 27. Bxe6 Rbd8 28. Bc4 Kf6 29. Kh2 Rfe8 30. Rxe8 Rxd1 31. Kg3 Nh5+ 32. Kf3 Rd7 33. Rf8+ Kg7 34. Rg8+ Kh7 35. Rf8 Re7 36. Rf7+ Rxf7+ 37. Bxf7 Kg7 38. Bc4 Kf6 39. Ke4 g5 40. hxg5+ Kxg5 41. Kd5 Nf4+ 42. Kc6 h5 43. Kb7 h4 44. Kxa7 h3 45. Bb5 Kf6 46. Bc6 Ke5 47. Kxb6 Kd6 48. Bf3 Nd3 49. a4 Nxb2 50. Kb5 c4 51. a5 Kc7 52. Kc5 Nd3+ 53. Kd4 h2 54. Ke3 Ne5 55. Bh1 Nc6 56. a6 Kb6 57. f4 Ne7 58. Kd4 Kxa6 59. Kxc4 Kb6 60. Kd4 Nf5+ 61. Kd5 Kc7 62. c4 Ng3 63. Bf3 h1Q 64. Bxh1 Nxh1 65. f5 Ng3 66. f6 Nh5 67. Ke6 1/2-1/2

[Event "Porto San Giorgio op 8th"]
[Site "Porto San Giorgio"]
[Date "1996.??.??"]
[Round "?"]
[White "Rotstein, Arkadij"]
[Black "Anceschi, Vittorio"]
[Result "1-0"]
[WhiteElo "2445"]
[BlackElo "2285"]
[PlyCount "101"]
[EventDate "1996.08.??"]
[EventType "swiss"]
[EventRounds "9"]
[EventCountry "ITA"]
[SourceTitle "EXT 2000"]
[Source "ChessBase"]
[SourceDate "1999.11.16"]
[SourceVersion "1"]
[SourceVersionDate "1999.11.16"]
[SourceQuality "1"]

1. Nf3 g6 2. c4 Bg7 3. d4 d6 4. e4 Nf6 5. Nc3 0-0 6. Be2 e5 7. 0-0 Nbd7 8. Re1 h6 9. Bf1 Kh7 10. Rb1 exd4 11. Nxd4 Re8 12. f3 c6 13. Kh1 Ne5 14. Be3 a6 15. Bg1 c5 16. Nc2 Be6 17. Nd5 Bxd5 18. cxd5 b5 19. b4 Ned7 20. bxc5 dxc5 21. a4 b4 22. Ne3 Nh5 23. Nc4 Qh4 24. g4 Ng3+ 25. Kg2 Nxf1 26. Rxf1 f5 27. exf5 gxf5 28. Qc2 Qf6 29. Ne3 Kh8 30. Nxf5 Re5 31. Rfd1 Rae8 32. Rd2 Bf8 33. Bf2 Qg5 34. h4 Qf4 35. Rbd1 Rxf5 36. Qxf5 Qxf5 37. gxf5 c4 38. Rd4 Rc8 39. d6 b3 40. Rb1 Bg7 41. Rg4 Bf6 42. Rg6 Rg8 43. Kf1 Rxg6 44. fxg6 Nf8 45. h5 Ne6 46. d7 Kg8 47. f4 Nf8 48. d8Q Bxd8 49. Bd4 Ne6 50. Be5 Bc7 51. Bb2 1-0

[Event "Montecatini Terme op"]
[Site "Montecatini Terme"]
[Date "1995.??.??"]
[Round "?"]
[White "Anceschi, Vittorio"]
[Black "Dizdarevic, Emir"]
[Result "0-1"]
[WhiteElo "2280"]
[BlackElo "2500"]
[PlyCount "82"]
[EventDate "1995.07.??"]
[EventType "swiss"]
[EventRounds "9"]
[EventCountry "ITA"]
[SourceTitle "EXT 1997"]
[Source "ChessBase"]
[SourceDate "1996.11.15"]
[SourceVersion "1"]
[SourceVersionDate "1996.11.15"]
[SourceQuality "1"]

1. e4 c5 2. Nc3 e6 3. g3 d5 4. Bg2 Nf6 5. Nge2 d4 6. Nb1 d3 7. cxd3 Nc6 8. 0-0 Be7 9. d4 cxd4 10. d3 0-0 11. h3 Nd7 12. Nd2 a5 13. Nf3 Nc5 14. Ne1 a4 15. f4 b6 16. e5 Bb7 17. Bd2 Qd7 18. Rb1 Ba6 19. Nc1 Rac8 20. Qe2 Bb5 21. Kh2 Na6 22. Be4 Nc5 23. Bg2 Rfe8 24. h4 f5 25. exf6 Bxf6 26. Bh3 Rcd8 27. Nf3 Qc7 28. Ng5 Bxg5 29. hxg5 e5 30. f5 e4 31. g6 e3 32. Be1 Ne4 33. gxh7+ Kh8 34. b3 a3 35. b4 Ne5 36. Rf4 Nc3 37. Bxc3 dxc3 38. f6 gxf6 39. Bf5 Nc6 40. Re4 Nd4 41. Qxe3 Nxf5 0-1

[Event "ITA-chT"]
[Site "Italy"]
[Date "1995.??.??"]
[Round "?"]
[White "Gasser, Giorgio"]
[Black "Anceschi, Vittorio"]
[Result "1/2-1/2"]
[WhiteElo "2300"]
[BlackElo "2280"]
[PlyCount "93"]
[EventDate "1995.??.??"]
[EventType "team"]
[EventRounds "7"]
[EventCountry "ITA"]
[SourceTitle "EXT 2000"]
[Source "ChessBase"]
[SourceDate "1999.11.16"]
[SourceVersion "1"]
[SourceVersionDate "1999.11.16"]
[SourceQuality "1"]

1. e4 c5 2. Nf3 Nf6 3. e5 Nd5 4. Nc3 e6 5. Nxd5 exd5 6. d4 Nc6 7. dxc5 Bxc5 8. Qxd5 d6 9. Bd2 Qb6 10. 0-0-0 Be6 11. Qe4 d5 12. Qh4 Rc8 13. Bd3 Bxf2 14. Qa4 Kf8 15. Rhf1 Bc5 16. Qf4 Nb4 17. Bxb4 Qxb4 18. Qxb4 Bxb4 19. Ng5 Ke7 20. h3 h6 21. Nxe6 fxe6 22. Rf4 Ba5 23. Rg4 g5 24. h4 Rhg8 25. hxg5 hxg5 26. c3 Bc7 27. Rh1 Rcf8 28. c4 Bxe5 29. cxd5 exd5 30. Rh7+ Rg7 31. Rb4 b6 32. Rxg7+ Bxg7 33. Be2 Kd6 34. Bf3 Rc8+ 35. Kd2 Rc5 36. Kd3 Bf6 37. a4 Kc6 38. Kd2 a6 39. Rb3 Rc4 40. Rd3 Rxa4 41. Bxd5+ Kc5 42. Kc2 Rb4 43. b3 Rf4 44. Bb7 a5 45. Rf3 Kb4 46. Rxf4+ gxf4 47. Bc6 1/2-1/2

[Event "Caorle op-A"]
[Site "Caorle"]
[Date "1991.07.11"]
[Round "7.12"]
[White "Anceschi, Vittorio"]
[Black "Kovacevic, Slobodan"]
[Result "0-1"]
[WhiteElo "2238"]
[BlackElo "2370"]
[PlyCount "94"]
[EventDate "1991.07.05"]
[EventType "swiss"]
[EventRounds "9"]
[EventCountry "ITA"]
[SourceTitle "EXT 2023"]
[Source "ChessBase"]
[SourceDate "2022.10.05"]
[SourceVersion "1"]
[SourceVersionDate "2022.10.05"]
[SourceQuality "1"]

1. Nf3 c5 2. g3 b6 3. Bg2 Bb7 4. 0-0 Nf6 5. c4 e6 6. Nc3 a6 7. d4 cxd4 8. Nxd4 Bxg2 9. Kxg2 Ra7 10. e4 d6 11. f3 Rc7 12. Qa4+ Nfd7 13. Rd1 Qc8 14. b3 Be7 15. Bb2 0-0 16. Rac1 Re8 17. Nce2 Bg5 18. Rc3 Be7 19. Rcc1 Bf8 20. Ba3 Rd8 21. Bb2 Qb7 22. b4 Rdc8 23. Qb3 Ne5 24. c5 Nbd7 25. cxd6 Rxc1 26. Nxc1 b5 27. Nce2 Nc4 28. Nc2 Bxd6 29. Bd4 Bf8 30. Ne3 Ndb6 31. Ng4 Rd8 32. Bc5 Rxd1 33. Qxd1 Bxc5 34. bxc5 Nd7 35. Qd4 Qc7 36. Nf4 Nxc5 37. Nh5 e5 38. Qd5 Ne6 39. h4 Qb8 40. Qd7 Qd8 41. Qa7 a5 42. Qa6 Qb8 43. Nhf6+ gxf6 44. Nxf6+ Kg7 45. Nh5+ Kg6 46. g4 Qd8 47. Qxb5 Qd2+ 0-1

[Event "Caorle op-A"]
[Site "Caorle"]
[Date "1991.07.10"]
[Round "6.14"]
[White "Marinelli, Tullio"]
[Black "Anceschi, Vittorio"]
[Result "0-1"]
[WhiteElo "2365"]
[BlackElo "2238"]
[PlyCount "124"]
[EventDate "1991.07.05"]
[EventType "swiss"]
[EventRounds "9"]
[EventCountry "ITA"]
[SourceTitle "EXT 2023"]
[Source "ChessBase"]
[SourceDate "2022.10.05"]
[SourceVersion "1"]
[SourceVersionDate "2022.10.05"]
[SourceQuality "1"]

1. d4 d5 2. Nf3 Nf6 3. c4 c6 4. Nc3 g6 5. cxd5 cxd5 6. Qb3 Bg7 7. Bg5 Nbd7 8. e3 e6 9. Bd3 0-0 10. 0-0 h6 11. Bh4 a6 12. h3 g5 13. Bg3 Re8 14. Rac1 Nh5 15. Bh2 f5 16. Nxd5 exd5 17. Qxd5+ Kh8 18. Qxf5 Nhf6 19. Rfd1 Nf8 20. Qc5 Be6 21. Bc7 Qd5 22. Qb4 Qxa2 23. e4 Qb3 24. Qd6 Bg8 25. d5 Nxe4 26. Bxe4 Rxe4 27. Nd2 Qxd5 28. Nxe4 Qxe4 29. Ba5 Ng6 30. Bc3 Rf8 31. Re1 Qf5 32. Bxg7+ Kxg7 33. f3 Rf7 34. Re6 Nf4 35. Qd4+ Kh7 36. Re5 Qg6 37. Re8 Rg7 38. Rce1 Qd3 39. Qf2 Qd7 40. Qc2+ Qd3 41. Qf2 Nd5 42. Rd8 a5 43. Ree8 Qb1+ 44. Kh2 Qf5 45. Qg3 Nf4 46. Qe1 Ne6 47. Rd6 Qf4+ 48. Qg3 Qxg3+ 49. Kxg3 Nc5 50. Ra8 a4 51. Rc8 Nb3 52. Kg4 Na5 53. Rf8 Nc4 54. Rd4 Nxb2 55. Ra8 Nc4 56. Kf5 b5 57. Ke4 a3 58. Kd3 a2 59. Kc3 Nb6 60. Ra3 Rc7+ 61. Kb4 Rc4+ 62. Rxc4 Bxc4 0-1